ბათუმის შოთა რუსთაველის სახელმწიფო უნივერსიტეტის ბიბლიოთეკა

სამცხე-ჯავახეთის ივ. ჯავახიშვილის სახელობის ისტორიული მუზეუმი, 1937-50-1987 / (ბიბ.ჩანაწერი № 59873)

000 -ლიდერი
ფიქსირებული სიგრძის საკონტროლო ველი 01531nam a22001937a 4500
003 - საკონტროლო ნომრის იდენტიფიკატორი
საკონტროლო ველი Ge_BSU
005 - ბოლო ოპერაციის თარიღი და დრო
საკონტროლო ველი 20230503160812.0
008 - ფიქსირებული სიგრძის მონაცემთა ელემენტები - ზოგადი ინფორმაცია
ფიქსირებული სიგრძის საკონტროლო ველი 230503s1987 ge ||||| |||| 00| 0 geo d
041 ## - ენის კოდი
Language code of text/sound track or separate title geo
080 ## - უნივერსალური ათობითი კლასიფიკაციის ინდექსი
Universal Decimal Classification number 069.02:93/94(479.22) ს-21
245 ## - ცნობა სათაურის შესახებ
Title სამცხე-ჯავახეთის ივ. ჯავახიშვილის სახელობის ისტორიული მუზეუმი, 1937-50-1987 /
Statement of responsibility, etc საქ. სსრ მეცნ. აკად., ს. ჯანაშიას სახ. საქ. სახელმწ. მუზეუმი; შემდგ.: მ. ურუშაძე.
264 ## - წარმოების, გამოცემის, დისტრიბუციის და სხვა ცნობები
გამოცემის, წარმოების, დისტრიბუციის... ადგილი თბილისი :
გამოცემის, წარმოების, დისტრიბუციის... სახელწოდება ხელოვნება,
გამოცემის, წარმოების, დისტრიბუციის... თარიღი 1987
300 ## - ფიზიკური აღწერა
Extent 28 გვ. :
Other physical details ილ. ;
Dimensions 20 სმ.
500 ## - ზოგადი შენიშვნა
General note ტექსტი გრეთვე რუს. ენაზე.
გარეკანის პირველ გვ.: აბზინდის ფრაგმენტი, ბრინჯაო, "უდეს განძი", II ათასწლეული. მეოთხე გვ.: ჯვარი, ვერცხლი, XIX ს., ქ. ახალციხე.
653 ## - INDEX TERM--UNCONTROLLED
Uncontrolled term ისტორიული მუზეუმები საქართველოში.
700 ## - ADDED ENTRY--PERSONAL NAME
Personal name ურუშაძე, მ.
Relator term შემდგენელი
9 (RLIN) 17937
710 ## - ADDED ENTRY--CORPORATE NAME
Corporate name or jurisdiction name as entry element საქ. სსრ მეცნ. აკად., ს. ჯანაშიას სახ. საქ. სახელმწ. მუზეუმი
9 (RLIN) 17938
942 ## - ADDED ENTRY ELEMENTS (KOHA)
Source of classification or shelving scheme
Koha item type წიგნი
ეგზემპლარები
ჩამოწერის სტატუსი დაკარგული ეგზემპლარის სტატუსი კლასიფიკაციის წყარო ან თაროზე გაწყობის სქემა დაზიანების სტატუსი არ გაიცემა მუდმივი მდებარეობა (დაცვის ადგილი) ამჟამინდელი ადგილსამყოფელი თაროზე განთავსების ადგილი შეძენის თარიღი ღირებულება, შესყიდვის ნორმალური ფასი სრული შენახვის შიფრი შტრიხკოდი ბოლო ოპერაციის თარიღი ეგზემპლარის მიმდევრობითი ნომერი (კეტერი?) Uniform Resource Identifier ფასის ძალაში შესვლის თარიღი ეგზემპლარის სახეობა საჯარო შენიშვნა
          ბათუმის შოთა რუსთაველის სახელმწიფო უნივერსიტეტის მთავარი ბიბლიოთეკა ბათუმის შოთა რუსთაველის სახელმწიფო უნივერსიტეტის მთავარი ბიბლიოთეკა წიგნსაცავი 2023-05-03 4.00 069.02:93/94(479.22) ს-21 64354 2023-05-03 64354 ბსუ-ს საპატიო დოქტორის გურამ ლორთქიფანიძის საჩუქარი 2023-05-03 წიგნი 4 ლ.